相模川を渡る路線 - Statistics

General Stats
  • This quiz has been taken 36 times
  • The average score is 6 of 8
Answer Stats
Answer % Correct
小田急小田原線
97%
東海道本線
94%
中央本線
88%
中央本線
88%
東海道新幹線
85%
富士山麓電気鉄道大月線
61%
富士山麓電気鉄道大月線
61%
富士山麓電気鉄道大月線
61%
No matching quizzes found
Score Distribution
Percent of People with Each Score
Percentile by Number Answered
Your Score History
You have not taken this quiz